00000000nam##2200000za#4500
0019.648495
003CaOODSP
00520250319164517
007ta
008150407|2002||||xxc|||||     f|0| 0 eng|d
020 |a0-662-31821-8
040 |aCaOODSP|beng
043 |an-cn---
0861 |aH39-608/2002E
1101 |aCanada.|bHealth Canada. |bPopulation and Public Health Branch.
24510|aCanada's aging population / |cIssued by the Division of Aging and Seniors.
260 |aOttawa - Ontario : |bHealth Canada. |c2002.
300 |a43p. : |bgraphs, illus., maps, references ; |c28 cm.
563 |aSoftcover
590 |a02-19|b2002-05-10
69007|aAging|2gcpds
69007|aSeniors|2gcpds
69007|aReports|2gcpds
77508|tVieillir au Canada / |w(CaOODSP)9.681780
7760#|tCanada's aging population / |w(CaOODSP)9.695882